Hướng dẫn làm kế toán đơn vị hành chính sự nghiệp bằng Excel /
Nguyên tắc chung về kế toán; Phân loại chứng từ kế toán; Chế độ sổ sách kế toán; Hướng dẫn sử dụng Microsoft Excel; Hướng chứng từ kế toán bằng Excel; Hướng dẫn lập báo cáo tài chính bằng Excel; Hướng dẫn sử dụng chương trình kế toán mẫu......
Gespeichert in:
| 1. Verfasser: | |
|---|---|
| Format: | Buch |
| Sprache: | Vietnamese |
| Veröffentlicht: |
Tp.HCM :
Thống kê,
2000.
|
| Schlagworte: | |
| Tags: |
Tag hinzufügen
Keine Tags, Fügen Sie den ersten Tag hinzu!
|
| Thư viện lưu trữ: | Mạng thư viện Đại học Đà Nẵng |
|---|
| LEADER | 01282cam a2200373 i 4500 | ||
|---|---|---|---|
| 001 | 000043572 | ||
| 003 | 1551 | ||
| 005 | 20030915082429.0 | ||
| 008 | 010217b2000 vm 000 vie | ||
| 020 | |c 100000 | ||
| 022 | |a T | ||
| 040 | |a IRC |c IRC |d IRC | ||
| 041 | 0 | |a vie | |
| 082 | 1 | 4 | |a 005.15 |b TR-T |
| 100 | 1 | |a Trần Văn Thắng. | |
| 245 | 0 | 0 | |a Hướng dẫn làm kế toán đơn vị hành chính sự nghiệp bằng Excel / |c Trần Văn Thắng. |
| 260 | |a Tp.HCM : |b Thống kê, |c 2000. | ||
| 300 | |a 563tr. ; |c 28cm. | ||
| 520 | 3 | |a Nguyên tắc chung về kế toán; Phân loại chứng từ kế toán; Chế độ sổ sách kế toán; Hướng dẫn sử dụng Microsoft Excel; Hướng chứng từ kế toán bằng Excel; Hướng dẫn lập báo cáo tài chính bằng Excel; Hướng dẫn sử dụng chương trình kế toán mẫu... | |
| 630 | 0 | 4 | |a Kế toán. |
| 630 | 0 | 4 | |a Tin học. |
| 630 | 0 | 4 | |a Excel. |
| 630 | 0 | 4 | |a Computer programs. |
| 650 | 0 | 4 | |a Microsoft Excel (Chương trình máy tính) |
| OWN | |a DUT | ||
| 999 | |a From the UDN01 | ||
| TYP | |a Monograph | ||
| TYP | |a Printed language | ||
| 980 | |a Mạng thư viện Đại học Đà Nẵng | ||